| 000 | 00637nam a2200229Ia 4500 | ||
|---|---|---|---|
| 003 | OSt | ||
| 005 | 20241127093006.0 | ||
| 008 | 210716s1997 xx 000 0 und d | ||
| 020 | _a0671534734 | ||
| 040 | _cAIMIT LIBRARY | ||
| 041 | _aeng | ||
| 082 |
_a808.83 _21 _bANDV |
||
| 100 |
_aAndrews, V C. _9186701 |
||
| 245 |
_aUnfinished symphony / _cBy V C Andrews. |
||
| 250 | _a1st ed. | ||
| 260 |
_aNew York : _bPocket Books ; _c1997. |
||
| 300 |
_a344p. ; _bPB _c17 cm. |
||
| 650 |
_aGlimpse into the future _9186702 |
||
| 650 |
_aBitter pill _9186703 |
||
| 650 |
_aSacred moments _9186704 |
||
| 942 |
_2ddc _cBK _e1st ed. _k808.83 ANDV |
||
| 999 |
_c199979 _d199979 |
||